[Event "Senta op-A 10th"]
[Site "Senta"]
[Date "2006.07.22"]
[Round "3"]
[White "Vukobrat, Dragan"]
[Black "Krejic, Igor"]
[Result "1/2-1/2"]
[WhiteElo "2086"]
[BlackElo "2243"]
[PlyCount "80"]
[EventDate "2006.07.21"]
[EventType "swiss"]
[EventRounds "9"]
[EventCountry "YUG"]
[SourceTitle "CBM 113 Extra"]
[Source "ChessBase"]
[SourceDate "2006.09.14"]
[SourceVersion "1"]
[SourceVersionDate "2006.09.14"]
[SourceQuality "1"]

1. e4 e5 2. Nf3 Nf6 3. Nc3 Nc6 4. d4 exd4 5. Nxd4 Bb4 6. Nxc6 bxc6 7. Bd3 d5 8. exd5 cxd5 9. 0-0 0-0 10. Bg5 c6 11. Qf3 Be7 12. Rfe1 Re8 13. h3 Rb8 14. b3 Bd7 15. Rad1 Rb4 16. Re2 h6 17. Bc1 Rb7 18. Na4 Bd6 19. Bb2 Rxe2 20. Bxe2 Ne4 21. c4 Be6 22. Bd3 Rd7 23. Re1 Ng5 24. Qh5 dxc4 25. Bxc4 Bb4 26. Bxe6 Nxe6 27. Re4 Rd1+ 28. Kh2 Bd6+ 29. g3 Rd2 30. Kg2 Be7 31. h4 Qd3 32. Qg4 Qd5 33. Qf3 Rd3 34. Re3 Rxe3 35. fxe3 Qd2+ 36. Qf2 Qd3 37. Qf3 Qd7 38. Bc3 Nc7 39. Bd4 Ne6 40. Bc3 Nc7 1/2-1/2